书目信息 |
| 题名: |
光润心灵 伟岸潜行
|
|
| 作者: | 罗光伟 著 | |
| 分册: | ||
| 出版信息: | 长春 吉林出版集团股份有限公司 2021.01 |
|
| 页数: | 204页 | |
| 开本: | 26cm | |
| 丛书名: | ||
| 单 册: | ||
| 中图分类: | G631.6 | |
| 科图分类: | ||
| 主题词: | 中学生--品德教育--研究 | |
| 电子资源: | ||
| ISBN: | 978-7-5581-7485-8 | |
| 000 | 00820nam0 2200229 450 | |
| 001 | 012001001615 | |
| 005 | 20140201161342.0 | |
| 010 | @a978-7-5581-7485-8@dCNY58.00 | |
| 100 | @a20220905d2019 em y0chiy50 ea | |
| 101 | 0 | @achi |
| 102 | @aCN@b220000 | |
| 105 | @ay z 000yy | |
| 106 | @ar | |
| 200 | 1 | @a光润心灵 伟岸潜行@Aguang run xin ling wei an qian xing@e行为文化照亮学生前行之路@f罗光伟著 |
| 210 | @a长春@c吉林出版集团股份有限公司@d2021.01 | |
| 215 | @a204页@d26cm | |
| 330 | @a本书收录了《论构建核心价值观视野下高中学生行为文化》《与时俱进转变对学生的管理理念》《校园文化建设的实施》《新课改下的德育工作探索》等文章。 | |
| 606 | 0 | @a中学生@x品德教育@x研究 |
| 690 | @aG631.6@v5 | |
| 701 | 0 | @a罗光伟@Aluo guang wei@c(中等教育)@4著 |
| 801 | 0 | @aCN@bAHXH@c20221111 |
| 905 | @b1366597-601@dG631.6@e1419@f5 | |
| 光润心灵 伟岸潜行:行为文化照亮学生前行之路/罗光伟著.-长春:吉林出版集团股份有限公司,2021.01 |
| 204页;26cm |
| ISBN 978-7-5581-7485-8:CNY58.00 |
| 本书收录了《论构建核心价值观视野下高中学生行为文化》《与时俱进转变对学生的管理理念》《校园文化建设的实施》《新课改下的德育工作探索》等文章。 |
| ● |
| 相关链接 |
|
|
|
|
正题名:光润心灵 伟岸潜行
索取号:G631.6/1419
 
预约/预借
| 序号 | 登录号 | 条形码 | 馆藏地/架位号 | 状态 | 备注 |
| 1 | 1366597 | 213665979 | 第一样本阅览室/ [索取号:G631.6/1419] | 在馆 | |
| 2 | 1366598 | 213665988 | 教育系资料室/ [索取号:G631.6/1419] | 在馆 | |
| 3 | 1366599 | 213665997 | 教育系资料室/ [索取号:G631.6/1419] | 在馆 | |
| 4 | 1366600 | 213666004 | 第四借阅区/ [索取号:G631.6/1419] | 在馆 | |
| 5 | 1366601 | 213666013 | 第四借阅区/ [索取号:G631.6/1419] | 在馆 |